[Event "Hofheim Spring op-B 7th"]
[Site "Hofheim"]
[Date "2019.04.24"]
[Round "3"]
[White "Annon, Shihan"]
[Black "Heymann, Walter"]
[Result "0-1"]
[WhiteElo "1613"]
[BlackElo "1726"]
[PlyCount "104"]
[EventDate "2019.04.23"]
[EventType "swiss"]
[EventRounds "9"]
[EventCountry "GER"]
[SourceTitle "CBM 190 Extra"]
[Source "ChessBase"]
[SourceDate "2019.07.15"]
[SourceVersion "1"]
[SourceVersionDate "2019.07.15"]
[SourceQuality "1"]

1. d4 d6 2. Bf4 c6 3. e3 Qc7 4. Nf3 Bg4 5. Be2 Nf6 6. Nbd2 Nh5 7. c3 Nxf4 8. exf4 Nd7 9. 0-0 Nf6 10. h3 Bd7 11. Kh2 Nd5 12. g3 e6 13. Re1 Be7 14. Bd3 h5 15. h4 0-0-0 16. Ne4 f6 17. c4 Nb4 18. Bf1 d5 19. Nc3 dxc4 20. Bxc4 Nd5 21. Nxd5 exd5 22. Rxe7 dxc4 23. Qc2 Qd6 24. Rae1 Bg4 25. Qe4 Rd7 26. Re8+ Rxe8 27. Qxe8+ Kc7 28. Qe3 Qd5 29. Nd2 Qxd4 30. Ne4 Qxe3 31. Rxe3 Bf5 32. Nc3 b5 33. a3 Bg4 34. Kg2 Rd2 35. Re7+ Kb6 36. Rxg7 Rxb2 37. Ne4 Rb3 38. Nxf6 Bf3+ 39. Kh3 Rxa3 40. Nd7+ Ka5 41. Ne5 Bd5 42. Rxa7+ Kb4 43. Rc7 Kc5 44. Rb7 Ra1 45. f3 Ra2 46. g4 hxg4+ 47. Kxg4 Rg2+ 48. Kf5 c3 49. Nd7+ Kd4 50. Ra7 c2 51. Ra1 Kc3 52. Nc5 Bxf3 0-1

[Event "Pardubice Czech op-C 29th"]
[Site "Pardubice"]
[Date "2018.07.24"]
[Round "5"]
[White "Hoppe, Andreas"]
[Black "Heymann, Walter"]
[Result "1-0"]
[WhiteElo "1964"]
[BlackElo "1733"]
[PlyCount "105"]
[EventDate "2018.07.21"]
[EventType "swiss"]
[EventRounds "9"]
[EventCountry "CZE"]
[SourceTitle "CBM 186 Extra"]
[Source "ChessBase"]
[SourceDate "2018.08.24"]
[SourceVersion "1"]
[SourceVersionDate "2018.08.24"]
[SourceQuality "1"]

1. d4 d6 2. Nc3 Nf6 3. e4 e5 4. dxe5 dxe5 5. Qxd8+ Kxd8 6. Bg5 c6 7. 0-0-0+ Kc7 8. Nf3 Bd6 9. Be2 Be6 10. a3 Nbd7 11. Nd2 b5 12. Be3 Rhb8 13. f3 a5 14. Ncb1 a4 15. g3 Nb6 16. f4 Ng4 17. fxe5 Bxe5 18. Bxg4 Bxg4 19. Rdf1 Be6 20. Nf3 Nc4 21. Nxe5 Nxe3 22. Rf3 Nc4 23. Nxf7 h6 24. Nd2 Rf8 25. Rhf1 Rae8 26. Nd6 Rd8 27. Rxf8 Rxd6 28. Nxc4 Bxc4 29. Rd1 Re6 30. Re1 Re7 31. Kd2 Be6 32. Kc3 Kb6 33. e5 Bd5 34. Re3 Kc5 35. e6 Kd6 36. Rd8+ Kc7 37. Ra8 Kd6 38. Rd8+ Kc7 39. Rf8 Kd6 40. Rf7 Rxf7 41. exf7 Bxf7 42. b3 axb3 43. cxb3 h5 44. Kb4 Bd5 45. a4 bxa4 46. bxa4 g6 47. a5 Kc7 48. Re7+ Kd6 49. Rg7 Be4 50. a6 c5+ 51. Kb5 Bd3+ 52. Kb6 c4 53. a7 1-0

[Event "Hofheim Spring op-B 6th"]
[Site "Hofheim"]
[Date "2018.04.07"]
[Round "8"]
[White "Heymann, Walter"]
[Black "Ahrends, Norbert"]
[Result "0-1"]
[WhiteElo "1760"]
[BlackElo "1999"]
[PlyCount "90"]
[EventDate "2018.04.03"]
[EventType "swiss"]
[EventRounds "9"]
[EventCountry "GER"]
[SourceTitle "EXT 2020"]
[Source "ChessBase"]
[SourceDate "2019.10.17"]
[SourceVersion "1"]
[SourceVersionDate "2019.10.17"]
[SourceQuality "1"]

1. f4 d5 2. Nf3 Nf6 3. b3 c5 4. Bb2 Nc6 5. e3 Bg4 6. Bb5 Rc8 7. 0-0 e6 8. d3 Be7 9. Nbd2 0-0 10. Bxc6 Rxc6 11. Qe1 Bxf3 12. Rxf3 b5 13. Qe2 Nd7 14. e4 Bf6 15. e5 Be7 16. Rh3 Re8 17. Qh5 Nf8 18. Bc3 f6 19. Ba5 Qd7 20. Bc3 f5 21. a4 g6 22. Qe2 a6 23. g4 fxg4 24. Qxg4 c4 25. dxc4 dxc4 26. Rd1 Rd8 27. Ba5 Qd4+ 28. Kg2 Rd7 29. Qf3 Rc8 30. Bc3 Qd5 31. axb5 axb5 32. b4 Rcd8 33. Kf2 Qa8 34. Ke2 Qa3 35. Ke1 Bxb4 36. Rg3 Bxc3 37. Qxc3 Qc5 38. Ke2 b4 39. Qf3 c3 40. Ne4 Qb5+ 41. Rd3 Rxd3 42. cxd3 c2 43. Rg1 b3 44. Kd2 Qb4+ 45. Nc3 Rc8 0-1

[Event "Hofheim Spring op-B 5th"]
[Site "Hofheim"]
[Date "2017.04.10"]
[Round "6"]
[White "Heymann, Walter"]
[Black "Gallasch, Jonas"]
[Result "0-1"]
[WhiteElo "1833"]
[BlackElo "1776"]
[PlyCount "72"]
[EventDate "2017.04.07"]
[EventType "swiss"]
[EventRounds "9"]
[EventCountry "GER"]
[SourceTitle "CBM 178 Extra"]
[Source "ChessBase"]
[SourceDate "2017.06.22"]
[SourceVersion "1"]
[SourceVersionDate "2017.06.22"]
[SourceQuality "1"]

1. f4 e5 2. fxe5 d6 3. Nf3 dxe5 4. e4 Bc5 5. Bc4 Nf6 6. d3 0-0 7. Qe2 Nc6 8. Be3 Nd4 9. Bxd4 exd4 10. Nbd2 a6 11. a3 Bg4 12. h3 Bxf3 13. Qxf3 Nd7 14. Qh5 Bd6 15. 0-0-0 c6 16. Rdf1 Qe7 17. Qe2 Bxa3 18. bxa3 Qxa3+ 19. Kb1 Nc5 20. Bb3 b5 21. Qe1 Na4 22. Bxa4 bxa4 23. Qc1 Rab8+ 24. Nb3 Qxc1+ 25. Rxc1 axb3 26. c4 Rb6 27. Kb2 f5 28. e5 Re8 29. c5 Rb5 30. Rhe1 Kf7 31. Rc4 Rd8 32. e6+ Ke7 33. Re5 g6 34. h4 Rd5 35. Rxd5 cxd5 36. c6 dxc4 0-1

[Event "Hofheim Spring op-B 4th"]
[Site "Hofheim"]
[Date "2016.04.01"]
[Round "7"]
[White "Heymann, Walter"]
[Black "Achtmann, Armin Ludwig"]
[Result "1/2-1/2"]
[WhiteElo "1792"]
[BlackElo "1932"]
[PlyCount "102"]
[EventDate "2016.03.30"]
[EventType "swiss"]
[EventRounds "9"]
[EventCountry "GER"]
[SourceTitle "EXT 2018"]
[Source "ChessBase"]
[SourceDate "2017.10.13"]
[SourceVersion "1"]
[SourceVersionDate "2017.10.13"]
[SourceQuality "1"]

1. f4 Nf6 2. Nf3 g6 3. b3 Bg7 4. Bb2 0-0 5. e3 d6 6. Be2 Nbd7 7. 0-0 e5 8. fxe5 Ng4 9. Na3 Ndxe5 10. Nxe5 Nxe5 11. Nc4 Nxc4 12. Bxg7 Nxe3 13. dxe3 Kxg7 14. Qd4+ Kg8 15. Rf6 Qe7 16. Raf1 Qe5 17. Qxe5 dxe5 18. Bc4 Be6 19. Bxe6 fxe6 20. Rxe6 Rae8 21. Rxe8 Rxe8 22. g4 Rd8 23. Rf2 Kg7 24. g5 a5 25. a4 c6 26. h4 b5 27. Kg2 bxa4 28. bxa4 h6 29. Kg3 hxg5 30. hxg5 c5 31. Re2 c4 32. Kf3 Kf7 33. Ke4 c3 34. Rf2+ Ke7 35. Rf6 Rd2 36. Rxg6 Rxc2 37. Kxe5 Kd7 38. Kd4 Ra2 39. Kxc3 Rxa4 40. Ra6 Ra3+ 41. Kd4 Ra4+ 42. Kd3 Ra1 43. Ke4 a4 44. Ke5 Kc7 45. Ra7+ Kb6 46. Ra8 Kb5 47. e4 Rg1 48. Kf6 Rf1+ 49. Kg6 Re1 50. Re8 a3 51. Ra8 Kb4 1/2-1/2

[Event "Hofheim Spring op-B 3rd"]
[Site "Hofheim"]
[Date "2015.04.08"]
[Round "2"]
[White "Heymann, Walter"]
[Black "Von Estorff, Jacob"]
[Result "1-0"]
[WhiteElo "1846"]
[BlackElo "1665"]
[PlyCount "119"]
[EventDate "2015.04.07"]
[EventType "swiss"]
[EventRounds "9"]
[EventCountry "GER"]
[SourceTitle "CBM 166 Extra"]
[Source "ChessBase"]
[SourceDate "2015.06.18"]
[SourceVersion "1"]
[SourceVersionDate "2015.06.18"]
[SourceQuality "1"]

1. f4 d5 2. Nf3 Nf6 3. b3 e6 4. Bb2 Be7 5. e3 c5 6. c3 Nc6 7. d4 cxd4 8. cxd4 Bd7 9. Nbd2 Rc8 10. a3 0-0 11. Bd3 Qb6 12. 0-0 a5 13. h3 a4 14. b4 Rc7 15. g4 Ne8 16. Rc1 Bxb4 17. axb4 Nxb4 18. Bb1 Bb5 19. Rf2 Rxc1 20. Qxc1 Nd6 21. Qc5 Qxc5 22. dxc5 Nc4 23. Nxc4 Bxc4 24. Ba3 Nc6 25. Rb2 Bb3 26. Nd4 Nxd4 27. exd4 Rc8 28. g5 f6 29. h4 g6 30. Kf2 Kf7 31. Ke3 f5 32. Kd2 Ke8 33. Bc2 Bxc2 34. Rxb7 Be4 35. Rxh7 Rc6 36. Rg7 e5 37. dxe5 d4 38. Rg8+ Kf7 39. Rb8 Re6 40. Rb4 d3 41. Rxa4 Re7 42. Ra6 Rb7 43. Rb6 Ra7 44. Rf6+ Kg7 45. Bb2 Ra2 46. Rb6 Ra5 47. Bd4 Ra2+ 48. Rb2 Ra5 49. Kc3 Ra3+ 50. Kb4 Ra8 51. Kc3 Ra3+ 52. Kd2 Ra4 53. Bc3 Ra8 54. e6+ Kf8 55. Bf6 Ke8 56. Ke3 Bd5 57. Rb6 Bc4 58. Rd6 Rc8 59. e7 Kf7 60. Rd8 1-0

[Event "Hofheim Spring op-B 2nd"]
[Site "Hofheim"]
[Date "2014.04.24"]
[Round "4"]
[White "Traut, Stefan"]
[Black "Heymann, Walter"]
[Result "0-1"]
[WhiteElo "1776"]
[BlackElo "1864"]
[PlyCount "64"]
[EventDate "2014.04.22"]
[EventType "swiss"]
[EventRounds "9"]
[EventCountry "GER"]
[SourceTitle "CBM 160 Extra"]
[Source "ChessBase"]
[SourceDate "2014.07.01"]
[SourceVersion "1"]
[SourceVersionDate "2014.07.01"]
[SourceQuality "1"]

1. d4 d6 2. c4 Nf6 3. Nc3 e5 4. dxe5 dxe5 5. Qxd8+ Kxd8 6. Bg5 c6 7. Bxf6+ gxf6 8. 0-0-0+ Kc7 9. Nf3 Be6 10. e3 h5 11. h3 Nd7 12. Be2 Bb4 13. Ne4 Be7 14. a3 Nb6 15. Ned2 Rag8 16. Rdg1 a5 17. h4 Rg4 18. e4 Bc5 19. Nxe5 fxe5 20. Bxg4 Bxg4 21. Nb3 Bxf2 22. Rf1 Be3+ 23. Kc2 Be6 24. c5 Nd7 25. Nxa5 Nxc5 26. Re1 Bd4 27. b4 Nd7 28. Rhf1 Rg8 29. Kd3 c5 30. Re2 Rg4 31. Rh1 Rg3+ 32. Kc2 b6 0-1

[Event "Hofheim Spring op-B 1st"]
[Site "Hofheim"]
[Date "2013.04.06"]
[Round "7"]
[White "Emrich, Ernst"]
[Black "Heymann, Walter"]
[Result "0-1"]
[WhiteElo "1760"]
[BlackElo "1851"]
[PlyCount "76"]
[EventDate "2013.04.02"]
[EventType "swiss"]
[EventRounds "9"]
[EventCountry "GER"]
[SourceTitle "EXT 2018"]
[Source "ChessBase"]
[SourceDate "2017.10.13"]
[SourceVersion "1"]
[SourceVersionDate "2017.10.13"]
[SourceQuality "1"]

1. e4 d6 2. d4 Nf6 3. f3 e5 4. Be3 Be7 5. d5 0-0 6. c4 Nbd7 7. Nc3 Nh5 8. g3 f5 9. exf5 Bg5 10. Qd2 Be7 11. Ne4 a5 12. Nh3 Nb6 13. g4 Bh4+ 14. Kd1 Nf6 15. Bg5 Nxe4 16. fxe4 Bxg5 17. Nxg5 Na4 18. h4 Nc5 19. Qc2 a4 20. Rb1 Qe7 21. Nf3 Qe8 22. Ne1 Bd7 23. Qg2 b5 24. b3 axb3 25. axb3 Qb8 26. Qc2 bxc4 27. Bxc4 Qa7 28. Rh2 Rfb8 29. Re2 Be8 30. Nd3 Nd7 31. g5 Bh5 32. Ke1 Bxe2 33. Qxe2 Qg1+ 34. Qf1 Qe3+ 35. Qe2 Qd4 36. Rd1 Qg1+ 37. Qf1 Qh2 38. Qf2 Qh1+ 0-1

[Event "Hofheim Spring op-B 1st"]
[Site "Hofheim"]
[Date "2013.04.05"]
[Round "6"]
[White "Heymann, Walter"]
[Black "Fischer, Lutz"]
[Result "0-1"]
[WhiteElo "1851"]
[BlackElo "1651"]
[PlyCount "113"]
[EventDate "2013.04.02"]
[EventType "swiss"]
[EventRounds "9"]
[EventCountry "GER"]
[SourceTitle "EXT 2018"]
[Source "ChessBase"]
[SourceDate "2017.10.13"]
[SourceVersion "1"]
[SourceVersionDate "2017.10.13"]
[SourceQuality "1"]

1. f4 d5 2. Nf3 Nf6 3. b3 Bg4 4. e3 c5 5. Bb2 Nc6 6. Bb5 Bd7 7. 0-0 a6 8. Bxc6 Bxc6 9. d3 b5 10. Nbd2 e6 11. Ne5 Qb6 12. Qe1 Bb7 13. Ndf3 h6 14. Rc1 c4 15. bxc4 Bc5 16. d4 Be7 17. c5 Qc7 18. Nd2 0-0 19. Rf3 a5 20. Rh3 a4 21. Bc3 a3 22. Bb4 Nd7 23. Ndf3 Nb8 24. Qg3 Kh8 25. Ng5 Bxg5 26. Qxg5 Kh7 27. c6 Nxc6 28. Bxf8 Rxf8 29. Qh5 Nb4 30. Qe2 Nxa2 31. Qd3+ f5 32. Ra1 Nb4 33. Qxb5 Qc3 34. Qf1 Nxc2 35. Ra2 Qb3 36. Rxa3 Qxa3 37. Kf2 Rc8 38. Qe2 Qe7 39. g4 Na3 40. Kg3 Nc4 41. g5 Nxe5 42. dxe5 d4 43. Qh5 Qf8 44. Kh4 d3 45. Rg3 Qe8 46. Qd1 Be4 47. gxh6 gxh6 48. Qa1 Qe7+ 49. Kh3 d2 50. Qd1 Qd7 51. Qh5 Qe8 52. Qd1 Rd8 53. Kh4 Bc2 54. Qg1 Qf7 55. h3 d1Q 56. Qxd1 Bxd1 57. Rg7+ 0-1

[Event "Hofheim Spring op-B 1st"]
[Site "Hofheim"]
[Date "2013.04.04"]
[Round "3"]
[White "Makilla, Tobias"]
[Black "Heymann, Walter"]
[Result "1-0"]
[WhiteElo "1948"]
[BlackElo "1851"]
[PlyCount "129"]
[EventDate "2013.04.02"]
[EventType "swiss"]
[EventRounds "9"]
[EventCountry "GER"]
[SourceTitle "EXT 2018"]
[Source "ChessBase"]
[SourceDate "2017.10.13"]
[SourceVersion "1"]
[SourceVersionDate "2017.10.13"]
[SourceQuality "1"]

1. e4 d6 2. d4 Nf6 3. Bd3 e5 4. d5 Be7 5. f4 Bg4 6. Nf3 Nbd7 7. h3 Bxf3 8. Qxf3 Nc5 9. Bb5+ c6 10. dxc6 Qa5+ 11. Nc3 0-0 12. cxb7 Rab8 13. Bc6 Nxb7 14. Bxb7 Rxb7 15. 0-0 Bd8 16. fxe5 dxe5 17. Kh1 Bb6 18. Ne2 Qa4 19. Ng3 Qxc2 20. Bg5 Bd8 21. Rf2 Qc4 22. b3 Qe6 23. Nf5 Rb4 24. Bh6 Nxe4 25. Re2 Ng5 26. Bxg5 Bxg5 27. Qc3 Rf4 28. Ne3 Rc8 29. Nc4 e4 30. Qa5 Qe7 31. Rae1 f5 32. Qd5+ Kh8 33. Ne5 Rf8 34. g3 Rh4 35. gxh4 Bxh4 36. Rg1 Bf6 37. Nc4 g6 38. Qd6 Qg7 39. Qg3 Bd8 40. Qe5 Bf6 41. Qg3 Bd8 42. Qe3 Bf6 43. Rd1 Qe7 44. Qg3 Qb7 45. Red2 g5 46. Rd7 Qa8 47. Qc7 e3+ 48. Qb7 Qxb7+ 49. Rxb7 f4 50. Kg2 Bc3 51. Kf3 h5 52. Nxe3 fxe3+ 53. Kxe3 Re8+ 54. Kf3 a5 55. Rd5 Rf8+ 56. Ke2 Rg8 57. Rdd7 Re8+ 58. Re7 Rd8 59. Rbd7 Rf8 60. Rh7+ Kg8 61. Rxh5 Bf6 62. Rd5 Re8+ 63. Kd3 Kg7 64. Rhxg5+ Bxg5 65. Rxg5+ 1-0

[Event "Siebenlehn op 12th"]
[Site "Siebenlehn"]
[Date "2011.12.27"]
[Round "2"]
[White "Lobzhanidze, Davit"]
[Black "Heymann, Walter"]
[Result "1-0"]
[WhiteElo "2487"]
[BlackElo "1905"]
[PlyCount "61"]
[EventDate "2011.12.27"]
[EventType "swiss"]
[EventRounds "7"]
[EventCountry "GER"]
[SourceTitle "EXT 2013"]
[Source "ChessBase"]
[SourceDate "2012.11.22"]
[SourceVersion "1"]
[SourceVersionDate "2012.11.22"]
[SourceQuality "1"]

1. e4 c6 2. d4 d5 3. e5 Bf5 4. Nf3 e6 5. Be2 Nd7 6. 0-0 Be7 7. Nbd2 Qc7 8. Nb3 f6 9. Re1 Nh6 10. Bxh6 gxh6 11. exf6 Nxf6 12. Ne5 Rg8 13. Bh5+ Nxh5 14. Qxh5+ Bg6 15. Nxg6 Rxg6 16. Rxe6 0-0-0 17. Rxg6 hxg6 18. Qxh6 Rd6 19. Re1 Bd8 20. Qh3+ Kb8 21. Re6 Rxe6 22. Qxe6 g5 23. Nc5 Qe7 24. Qxe7 Bxe7 25. h3 Bxc5 26. dxc5 Kc7 27. f4 gxf4 28. Kf2 b6 29. cxb6+ axb6 30. Kf3 Kd6 31. Kxf4 1-0

[Event "Karl Mala Memorial op 13th"]
[Site "Frankfurt"]
[Date "2010.07.11"]
[Round "6"]
[White "Heymann, Walter"]
[Black "Mager, Denis"]
[Result "0-1"]
[WhiteElo "1896"]
[BlackElo "1538"]
[PlyCount "100"]
[EventDate "2010.07.08"]
[EventType "swiss"]
[EventRounds "7"]
[EventCountry "GER"]
[SourceTitle "EXT 2012"]
[Source "ChessBase"]
[SourceDate "2011.11.24"]
[SourceVersion "1"]
[SourceVersionDate "2011.11.24"]
[SourceQuality "1"]

1. f4 d5 2. b3 c5 3. Bb2 Nc6 4. Nf3 Nf6 5. e3 Bf5 6. Bb5 e6 7. Ne5 Rc8 8. d3 h6 9. Nd2 Bd6 10. Bxc6+ bxc6 11. 0-0 Qb6 12. Ndf3 c4 13. Nd4 cxd3 14. Nxf5 exf5 15. Qxd3 Ne4 16. Nf3 0-0 17. Nd4 g6 18. Rf3 Be7 19. Ne2 Bf6 20. c3 Rfe8 21. Re1 Qa5 22. Ra1 Re7 23. b4 Qb6 24. Re1 Nd6 25. Bc1 Nc4 26. a3 Rce8 27. Nd4 Bxd4 28. cxd4 a5 29. Bd2 a4 30. Rg3 Kh7 31. h4 h5 32. Kf2 Qb5 33. Bc1 Re6 34. Qc3 Nd6 35. Kf3 Ne4 36. Qc2 Nxg3 37. Kxg3 Re4 38. Qc3 f6 39. Kf3 Rg8 40. Rd1 g5 41. hxg5 fxg5 42. g3 gxf4 43. gxf4 Re6 44. Qc5 Qxc5 45. dxc5 Reg6 46. Ke2 Rg2+ 47. Kd3 h4 48. Kd4 h3 49. Rh1 h2 50. Ke5 Kg6 0-1

[Event "Leutersdorf Sparkasse op 11th"]
[Site "Leutersdorf"]
[Date "2007.02.16"]
[Round "2"]
[White "Hollstein, Frank"]
[Black "Heymann, Walter"]
[Result "1-0"]
[WhiteElo "2138"]
[BlackElo "1918"]
[PlyCount "105"]
[EventDate "2007.02.16"]
[EventType "swiss"]
[EventRounds "7"]
[EventCountry "GER"]
[SourceTitle "CBM 117 Extra"]
[Source "ChessBase"]
[SourceDate "2007.05.09"]
[SourceVersion "1"]
[SourceVersionDate "2007.05.09"]
[SourceQuality "1"]

1. e4 d6 2. d4 Nf6 3. Nc3 e5 4. Nf3 Nbd7 5. Bc4 Be7 6. 0-0 0-0 7. h3 exd4 8. Nxd4 Nc5 9. Be3 Ncxe4 10. Nxe4 Nxe4 11. Re1 d5 12. Qf3 c6 13. Rad1 Bg5 14. Bd3 f5 15. Bxg5 Qxg5 16. c4 Nd2 17. Qe2 Ne4 18. cxd5 cxd5 19. Rc1 Rf7 20. f3 Nf6 21. Nb5 Qg3 22. Nxa7 Bd7 23. Nb5 Rxa2 24. Na3 Qd6 25. Bb1 Qb6+ 26. Kh1 Rxb2 27. Qe5 Rf8 28. Bxf5 Re8 29. Qf4 Rxe1+ 30. Rxe1 Qf2 31. Rg1 Bxf5 32. Qxf5 Qc5 33. Nb1 Qc6 34. Qe5 Rc2 35. Qe3 Qe8 36. Qb3 Qc6 37. Qe3 Qe8 38. Qb3 Rc7 39. Na3 Qc8 40. Nb5 Rc1 41. Qe3 Rxg1+ 42. Kxg1 Qe8 43. Qd3 Qe1+ 44. Kh2 Qe5+ 45. Kh1 Nh5 46. Nd4 Nf4 47. Qd2 Nh5 48. Ne2 b5 49. Nc3 d4 50. Ne2 Qe3 51. Qxd4 Ng3+ 52. Kh2 Nxe2 53. Qxe3 1-0